LEADER 01699nam a2200313 u 4500 001 000000012523 003 CaOOAMICUS 005 20070226105538.0 008 940712s1970 it f u000 u ita u 035 $a10302628 040 $aPUL(R)$bita 110 2 $aCentro italiano di studi sull'alto Medioevo.$bSettimana$n(17 :$d1969 :$cSpoleto).$0(OLS)http://pul/name/11911 245 13$aLa storiografia altomedievale :$b10-16 aprile 1969. 260 $aSpoleto :$bCentro italiano di studi sull'alto Medioevo,$c1970. 300 $a2 v. :$btav. ;$c22 cm 490 1 $aSettimane di studio del Centro italiano di studi sull'alto Medioevo ;$v17 650 4$aStoriografia medievale.$0(OLS)http://pul/subject/6044 830 0$aSettimane di studio del Centro italiano di studi sull'alto Medioevo ;$v17.$0(OLS)http://pul/title/1719 850 $aPUL 852 $aPUL$W1$xDP1 Cons. Gen., Altre Classi 1$y22$m392 A XVII$j17692$n $b $qStampati$B17692$CPULBib$Z2$F17692 $H41670-41671 $81 852 $aPUL$W1$xDP2 Filosofia 3$y112$m940. 1 CISAM 1.17.1$j176030$nBK-PRI$b $qDDC 21$B17690$CPULBib$Z2$F17690 $81 852 $aPUL$W1$xDP2 Filosofia 3$y112$m940. 1 CISAM 1.17.2$j176031$nBK-PRI$b $qDDC 21$B17691$CPULBib$Z2$F17691 $81 941 1 $a9 941 1 $a8 961 $aPrecedente collocazione: Teo 125 17.1-2 961 $aPrecedente collocazione: Teo 125 17.1-2) 983 0$aSettimane di studio della Fondazione Centro italiano di studi sull'alto Medioevo. 996 $6245$aLa storiografia altomedievale :$b10-16 aprile 1969$9(OLS)http://pul/title/18119 996 $6260$aSpoleto :$bCentro italiano di studi sull'alto Medioevo$9(OLS)http://pul/publisher/48572 LEADER 01161nam a2200289 u 4500 001 000000041881 003 CaOOAMICUS 005 20070226114250.0 008 990215s1989 it u000 u ita u 035 $a10814199 040 $aPUL(R)$bita 100 1 $aMannino, Vincenzo.$0(OLS)http://pul/name/4097 245 13$aIl calcolo della "quarta hereditatis" e la volontą del testatore /$cVincenzo Mannino. 260 $aNapoli :$bJovene,$c1989. 300 $a173 p. ;$c25 cm 500 $aContiene indici. 504 $aBibliografia in nota. 650 4$aDiritto romano.$0(OLS)http://pul/subject/382 650 4$aEreditą e successione (diritto romano).$0(OLS)http://pul/subject/2359 850 $aPUL 852 $aPUL$W1$xSL Diritto e Scienze Sociali 1$y4$m184 E 98$j56684$nBK-PRI$b $qStampati$B56684$CPULBib$Z2$F56684 $H $81 941 1 $a8 960 $aRoman law$9382 960 $aRoman law$9382 961 $aINV: 67157. Dono Lombardi. 996 $6245$aIl calcolo della "quarta hereditatis" e la volontą del testatore$9(OLS)http://pul/title/56504 996 $6260$aNapoli :$bJovene$9(OLS)http://pul/publisher/47845